| 000 | 00549nam a22001937a 4500 | ||
|---|---|---|---|
| 003 | OSt | ||
| 005 | 20221214112701.0 | ||
| 008 | 220915b |||||||| |||| 00| 0 eng d | ||
| 020 | _a84 7664 686 | ||
| 040 | _cBiblioteca Lado V | ||
| 082 |
_a750 _bC787e |
||
| 100 |
_9495 _aCora, Bruno _etextos |
||
| 245 | _aEttore Spalleti/ | ||
| 260 |
_aMadrid _bFundacion La Caxia _c2000 |
||
| 300 |
_a188p. _c24x30cm |
||
| 700 |
_aPietrantonio, Giancinto Di _etextos |
||
| 700 |
_aGarcia, Aurora _etextos |
||
| 942 |
_2ddc _c1 _h750 _iC787e _n0 |
||
| 999 |
_c2732 _d2732 |
||